000 00394 a2200169 4500
003 Nust
005 20170207153448.0
040 _cNust
082 _a823
100 _aBennett, Arnold
245 _aThe Ghost
_cArnold Bennett,
260 _aLondon
_bThe queensway Press
_c1931
300 _a188 p
_billus
_c16 cm
538 _aAlmirah No.58 Shelf No.5
600 _aBennett, Arnold
650 _aStory
942 _2ddc
_cBK
999 _c186709
_d186709